| 000 | 00509nam a22001817a 4500 | ||
|---|---|---|---|
| 003 | OSt | ||
| 005 | 20140310182328.0 | ||
| 008 | 130921t xxu||||| |||| 00| 0 eng d | ||
| 020 | _a0871919532 | ||
| 050 |
_aPZ 7 _b.T181 1984 |
||
| 082 |
_aGS 398.21 _bR661 1984 |
||
| 245 |
_aThe enchanted pig : _bRumanian fairy tale / _cJacques Tardi. |
||
| 260 |
_aMinnesota : _b Creative Education, _c1984 |
||
| 300 |
_a23 p. : _bill. ; _c22 cm. |
||
| 650 |
_aFairy tales _93114 |
||
| 942 |
_2lcc _cBK-GS |
||
| 999 |
_c11935 _d11935 |
||